000 00296nam a22001337a 4500
008 170328b xxu||||| |||| 00| 0 eng d
020 _a9781416038535
041 _aeng
080 _25 E4D
_a615.83
100 _a8
101 _aSHM
245 _aPHYSICAL EXAMINATION
_cJARVIS.C
942 _2udc
_cBK
999 _c8776
_d8776